Grindcore, Black metal, Death metal albums - Statistics

General Stats
  • This quiz has been taken 89 times
  • The average score is 4 of 15
Answer Stats
Hint Answer % Correct
Wolverine Blues Entombed
73%
Total Death Darkthrone
45%
World Demise Obituary
42%
Terrifyer Pig Destroyer
42%
Serpents of the Light Deicide
41%
Trumpeting Ecstasy Full of Hell
25%
Evolution through Revolution Brutal Truth
23%
Xenosapian Cephalic Carnage
22%
Altered States of America Agoraphobic Nosebleed
20%
Sewn Mouth Secrets Soilent Green
14%
A Patient Man Cult Leader
11%
A Haunting Curse Goatwhore
9%
The Perfect is the Enemy of Good Burnt by the Sun
8%
Kick me Silly Venomous Concept
8%
Insecurity Notoriety Arson Anthem
6%
No matching quizzes found
Score Distribution
Percent of People with Each Score
Percentile by Number Answered
Your Score History
You have not taken this quiz